<?xml version="1.0" encoding="UTF-8"?>
<record
    xmlns:xsi="http://www.w3.org/2001/XMLSchema-instance"
    xsi:schemaLocation="http://www.loc.gov/MARC21/slim http://www.loc.gov/standards/marcxml/schema/MARC21slim.xsd"
    xmlns="http://www.loc.gov/MARC21/slim">

  <leader>00627nam a22002417a 4500</leader>
  <controlfield tag="003">UA-OsUOA</controlfield>
  <controlfield tag="001"> 22250 </controlfield>
  <controlfield tag="007">ta</controlfield>
  <controlfield tag="008">20031217b un ||||| |||| 00| 0 ukr d</controlfield>
  <datafield tag="100" ind1=" " ind2=" ">
    <subfield code="a">&#x421;&#x438;&#x447;&#x438;&#x432;&#x438;&#x446;&#x44F; &#x41E;. &#x41C;.</subfield>
  </datafield>
  <datafield tag="090" ind1=" " ind2=" ">
    <subfield code="a">1(091)</subfield>
    <subfield code="b">&#x421;41</subfield>
  </datafield>
  <datafield tag="942" ind1=" " ind2=" ">
    <subfield code="c">BK</subfield>
  </datafield>
  <datafield tag="040" ind1=" " ind2=" ">
    <subfield code="a">UA-OsUOA</subfield>
    <subfield code="b">ukr</subfield>
    <subfield code="c">UA-OsUOA</subfield>
    <subfield code="d">UA-OsUOA</subfield>
  </datafield>
  <datafield tag="245" ind1=" " ind2=" ">
    <subfield code="a">&#x41E;&#x441;&#x43D;&#x43E;&#x432;&#x43D;&#x456; &#x43F;&#x430;&#x440;&#x430;&#x434;&#x438;&#x433;&#x43C;&#x438; &#x444;&#x456;&#x43B;&#x43E;&#x441;&#x43E;&#x444;&#x456;&#x457; &#x456;&#x441;&#x442;&#x43E;&#x440;&#x456;&#x457;</subfield>
    <subfield code="b">&#x41A;&#x43E;&#x43D;&#x441;&#x43F;&#x435;&#x43A;&#x442; &#x43B;&#x435;&#x43A;&#x446;&#x456;&#x439; &#x437; &#x441;&#x43F;&#x435;&#x446;&#x43A;&#x443;&#x440;&#x441;&#x443;</subfield>
  </datafield>
  <datafield tag="300" ind1=" " ind2=" ">
    <subfield code="a">80 &#x441;.</subfield>
  </datafield>
  <datafield tag="955" ind1=" " ind2=" ">
    <subfield code="a">0</subfield>
  </datafield>
  <datafield tag="041" ind1=" " ind2=" ">
    <subfield code="a">ukr</subfield>
  </datafield>
  <datafield tag="080" ind1=" " ind2=" ">
    <subfield code="a">1(091)</subfield>
  </datafield>
  <datafield tag="260" ind1=" " ind2=" ">
    <subfield code="a">&#x41B;&#x44C;&#x432;&#x456;&#x432;</subfield>
    <subfield code="b">&#x41B;&#x41B;&#x406;</subfield>
    <subfield code="c">1993</subfield>
  </datafield>
  <datafield tag="044" ind1=" " ind2=" ">
    <subfield code="a">UA</subfield>
  </datafield>
  <datafield tag="650" ind1=" " ind2="7">
    <subfield code="2">UDC</subfield>
  </datafield>
  <datafield tag="999" ind1=" " ind2=" ">
    <subfield code="c">308466</subfield>
    <subfield code="d">308466</subfield>
  </datafield>
  <datafield tag="952" ind1=" " ind2=" ">
    <subfield code="0">0</subfield>
    <subfield code="1">0</subfield>
    <subfield code="2">udc</subfield>
    <subfield code="4">0</subfield>
    <subfield code="7">0</subfield>
    <subfield code="a">101</subfield>
    <subfield code="b">101</subfield>
    <subfield code="d">2003-12-17</subfield>
    <subfield code="g">455.00</subfield>
    <subfield code="i">0239</subfield>
    <subfield code="l">0</subfield>
    <subfield code="o">1(091) &#x421;41</subfield>
    <subfield code="p">0239</subfield>
    <subfield code="r">2019-07-13 00:00:00</subfield>
    <subfield code="w">2003-12-17</subfield>
    <subfield code="y">BK</subfield>
  </datafield>
</record>
